| 000 | 00656cam a2200217 i 4500 | ||
|---|---|---|---|
| 020 | _a9780323227933 (pbk. : alk. paper) | ||
| 020 | _a0323227937 (pbk. : alk. paper) | ||
| 040 | _cDLC | ||
| 082 | 0 | 0 | _a636 THO 2016 A006 Or. |
| 100 | 1 | _aColville, Thomas P., | |
| 245 | 1 | 0 | _aClinical anatomy and physiology for veterinary technicians / |
| 250 | _aThird edition. | ||
| 300 |
_axvii, 634 pages : _bcolor illustrations ; _c28 cm |
||
| 650 | 0 | _aVeterinary anatomy. | |
| 650 | 0 | _aVeterinary physiology. | |
| 650 | 1 | 2 | _aAnimals, Domestic |
| 650 | 2 | 2 | _aAnimal Technicians. |
| 650 | 2 | 2 | _aAnimals, Domestic |
| 700 | 1 | _aBassert, Joanna M., | |
| 942 | _cAEDBB | ||
| 999 |
_c20775 _d20775 |
||